The Journal of the Land Agents' Society (Record no. 119109)

MARC details
000 -LEADER
fixed length control field 00884cas a22002415a 4500
001 - CONTROL NUMBER
control field L139671
008 - FIXED-LENGTH DATA ELEMENTS--GENERAL INFORMATION
fixed length control field 070803d19021958xxkmr p 0 a0eng u
035 ## - SYSTEM CONTROL NUMBER
System control number (Sirsi) u139671
041 0# - LANGUAGE CODE
Language code of text/sound track or separate title eng
110 2# - MAIN ENTRY--CORPORATE NAME
Corporate name or jurisdiction name as entry element Land Agents' Society
245 04 - TITLE STATEMENT
Title The Journal of the Land Agents' Society
260 ## - PUBLICATION, DISTRIBUTION, ETC.
Place of publication, distribution, etc. London
Name of publisher, distributor, etc. Land Agents' Society
Date of publication, distribution, etc. 1902-1958
362 0# - DATES OF PUBLICATION AND/OR SEQUENTIAL DESIGNATION
Dates of publication and/or sequential designation London: 1(1) April 1902-57(12) December 1958
362 0# - DATES OF PUBLICATION AND/OR SEQUENTIAL DESIGNATION
Dates of publication and/or sequential designation London: 2(1) January 1903-57(12) December 1958
362 0# - DATES OF PUBLICATION AND/OR SEQUENTIAL DESIGNATION
Dates of publication and/or sequential designation London: 18(1)January 1919-57(12) December 1958 (incomplete holdings)
362 0# - DATES OF PUBLICATION AND/OR SEQUENTIAL DESIGNATION
Dates of publication and/or sequential designation Edinburgh: 1(1) April 1902- 57(12) December 1958
520 ## - SUMMARY, ETC.
Summary, etc. Library also holds cumulative indexes to vols. 1-10; 11-23; and 24-34.
554 ## -
-- 12 per year
651 #4 - SUBJECT ADDED ENTRY--GEOGRAPHIC NAME
Geographic name United Kingdom
Chronological subdivision
690 ## - LOCAL SUBJECT ADDED ENTRY--TOPICAL TERM (OCLC, RLIN)
Topical term or geographic name as entry element ENVIRONMENTAL AND LAND CONSULTANCY
785 00 - SUCCEEDING ENTRY
Title Journal of the Chartered Land Agents' Society
942 ## - ADDED ENTRY ELEMENTS (KOHA)
Suppress in OPAC 0
Holdings
Withdrawn status Lost status Damaged status Not for loan Home library Current library Shelving location Date acquired Total Checkouts Full call number Barcode Date last seen Price effective from Koha item type
        London London Basement 03/08/2007   JOURNAL OF THE CHARTERED LAND AGENTS SOC 139671-1001 30/04/2026 06/08/2019 Journal